000 00988nam a2200289Ia 4500
000 nam a22 i 4500
001 UNACH-4155
007 ta
008 221212s ||||fr|||| 00| | spa d
020 _a958-607-1160
041 0 _aspa
082 0 4 _a370.15
_bPsicologia Educativa
100 1 _aCanova, Francisco,
_eautor
245 1 0 _aPsicología evolutiva del niño (6 a 12 años).
264 3 1 _a[Bogotá] :
_aColombia :
_bEdiciones San Pablo,
_c[Fecha de publicación no identificada]
300 _a103 páginas :
_bilustraciones, tablas
336 _atexto
_btxt
_2rdacontent
337 _ano mediado
_bn
_2rdamedia
338 _avolumen
_bnc
_2rdacarrier
505 0 _aEl desarrollo de la niñez.-- Hacia la estabilidad emocional.-- Desarrollo de la personalidad.-- Séptimo y octavo año.
650 1 4 _aDESARROLLO DE LA PERSONALIDAD
650 2 4 _aAFECTIVIDAD
650 2 4 _aEVOLUCION DEL PENSAMIENTO
653 0 _aPsicología Educativa
942 _2ddc
_c1
_n0
999 _c3360
_d3360